000 00600nam a22002057a 4500
003 OSt
005 20170328135207.0
008 170328b xxu||||| |||| 00| 0 eng d
020 _a9780857110183
040 _cDMLN
082 _aQV737 T341e 2012
100 _aTootelian, Dennis H.; Albert, I. Wertheimer; Mikhailitchenko, Andrey
_911986
245 _aEssential of Pharmacy Management
250 _a2nd ed.
260 _aLondon; Pharmaceutical Press, 2012
300 _axii,446p; col.ill: 25cm
504 _aAnswers, & index included
650 _aPharmacy management
_91569
942 _2z
_cSLOAN
999 _c5763
_d5763